Trends in Colloid and Interface Science XIII /

محفوظ في:
التفاصيل البيبلوغرافية
المؤلف الرئيسي: Durdica Te.ak, Mladen Martinis (edición)
التنسيق: كتاب
اللغة:الإنجليزية
منشور في: Berlín, Alemania : Springer, 1999, c1999
سلاسل:(Progress in Colloid and Polymer Science)
الوصول للمادة أونلاين:Ver documento en línea
الوسوم: إضافة وسم
لا توجد وسوم, كن أول من يضع وسما على هذه التسجيلة!

MARC

LEADER 00000nam^a22000000a04500
001 000602494
009 20260512124102.188
020 |a 978-3-540-48953-5 
022 |a 1437-8027 
037 |a Acervo ITESO - Biblioteca 
041 |a ING 
082 |a Libro en línea 
100 |a Durdica Te.ak, Mladen Martinis  |e (edición) 
245 |a Trends in Colloid and Interface Science XIII / 
264 4 |a Berlín, Alemania :  |b Springer,  |c 1999, c1999 
264 2 |a Cham, Suiza :  |b Springer Link [distribución],  |c 2025 
300 |a 1 libro electrónico en línea (IX, 233 p.) 
300 |a 1 recurso en línea 
336 |a datos para computadora  |b cod  |2 rdacontenido 
337 |a computadora  |b c  |2 rdamedio 
338 |a recurso en línea  |b cr  |2 rdasoporte 
440 |a (Progress in Colloid and Polymer Science) 
506 0 |a Licencias ilimitadas 
567 |a Catalogación rápida 
649 |a XX 
856 4 0 |u https://link-springer-com.ezproxy.iteso.mx/10.1007/3-540-48953-3  |y Ver documento en línea 
910 |a Fondo General 
920 |a Electrónicos - Libros en Línea 
930 |a Plataforma Digital 
905 |a 205 
902 |a https://opac.biblio.iteso.mx/vufind/Record/000602494